"Ojcze Święty, nigdy Cię nie zdradziłem"
| Titel: | "Ojcze Święty, nigdy Cię nie zdradziłem" : autopsja lustracji t. w. "Janiszewski" / Bogusław Górka |
|---|---|
| Verfasser: | |
| Veröffentlicht: | Toruń : Wydawnictwo Adam Marszałek, 2022 |
| Umfang: | 423 Seiten : Illustrationen ; 23 cm |
| Format: | Buch |
| Sprache: | Polnisch |
| ISBN: | 9788381806367 |
| Hinweise zum Inhalt: |
Literaturverzeichnis
Inhaltsverzeichnis |
alg: 50487631 001A $03004:10-02-23 001B $01999:13-11-24 $t14:16:53.000 001D $03004:16-03-23 001U $0utf8 001X $00 002@ $0Aau 002C $aText $btxt $2rdacontent 002D $aohne Hilfsmittel zu benutzen $bn $2rdamedia 002E $aBand $bnc $2rdacarrier 003@ $0504876317 004A $A978-83-8180-636-7 006C $01344237382 $aOCoLC 007A $0BV048412225 $aBVB 007G $0DE02031A562C343B15BD2C1258B5E00383C08 009P $qapplication/pdf $3Literaturverzeichnis $uhttp://bvbr.bib-bvb.de:8991/F?func=service&doc_library=BVB01&local_base=BVB01&doc_number=033790664&sequence=000003&line_number=0002&func_code=DB_RECORDS&service_type=MEDIA $mDigitalisierung BSB München 19 - ADAM Catalogue Enrichment 009P $qapplication/pdf $A2 $3Inhaltsverzeichnis $uhttp://scans.hebis.de/HEBCGI/show.pl?50487631_toc.pdf $mV:DE-603;B:DE-Mb50 010@ $apol 010E $erda 011@ $a2022 $n2022 021A $a"Ojcze Święty, nigdy Cię nie zdradziłem" $dautopsja lustracji t. w. "Janiszewski" $hBogusław Górka 027A $aAutopsja lustracji t. w. "Janiszewski 028A $BVerfasser $4aut $8Górka, Bogusław [Tp3] $9480829381 033A $pToruń $nWydawnictwo Adam Marszałek 034D $a423 Seiten 034I $a23 cm 034M $aIllustrationen 037A $aW aneksie materiały źródłowe w postaci faksymiliów dokumentów oryginalnych 037A $aLiteraturverzeichnis Seite 258-276 044A $aFilipowicz, Stefan / (1934-2020) $S#1 $N653 044A $aJezuici $S#2 $N653 044A $aSłużba Bezpieczeństwa (SB ; Polska) $S#2 $N653 044A $aOddział w Krakowie (Instytut Pamięci Narodowej) $S#2 $N653 044A $aCzynności operacyjne $S#0 $N653 044A $aDuchowieństwo katolickie $S#0 $N653 044A $aKościół a państwo $S#0 $N653 044A $aPostępowanie lustracyjne $S#0 $N653 044A $aPRL $S#0 $N653 044A $aPrześladowania polityczne $S#0 $N653 044A $aTajni współpracownicy służb specjalnych $S#0 $N653 044A $aZakonnicy $S#0 $N653 044A $aPolska $S#2 $N653 044A $aStany Zjednoczone (USA) $S#2 $N653 044A $aWatykan $S#2 $N653 044A $S#2| |a $N653 044K $RPolen-Litauen $RKongresspolen $RWestgalizien $RStaat Krakau $#Generalgouvernement Polen $#Polska $#Rzeczpospolita Polska $#Polska Rzeczpospolita Ludowa $#Poland $#Pologne $#République Polonaise $#Generalne Gubernatorstwo w Polsce $#Polish People's Republic $#Polska Rzeczpospolita Polen $#PRL $#RP $#Polen Generalgouvernement $#Polska Generalgouvernement $#Besetzte Polnische Gebiete $#Besetztes Gebiet in Polen $#Okupowane Polskie Obszary $#Obszary Okupowane w Polsce $#Volksrepublik Polen $#Polska Rosyjska $#Republic Polen $#Respublika Pol'ša $#Pol'skaja Narodnaja Respublika $#République de Pologne $#Polen Links der Weichsel $#Polska po Lewej Stronie Wisły $#Lenkija $#Polija $#Gubernija Carstva Pol'skago $#Republik Polen $74046496-9 $8Polen [Tg1] $9085129801 044K $8Filipowicz, Stefan$Z1934-2020 [Tp1] $9503115495 044K $RBehörde $74054793-0 $8Sicherheitsbehörde [Ts1] $9085152447 044K $#Katolikus Egyház $#RCC $#Katoličeskaj Cerkovʹ $#Katoličke Cerkve $#Katolska Cyrkej $#Katolske Kirke $#Ecclesia Catholica $#Igreja Católica $#Römisch-Katholische Kirche $#Katholikē Ekklēsia $#Catholic Church $#Roman Catholic Church $#Eglise Catholique $#Eglise Catholique Romaine $#Chiesa Cattolica $#Katholieke Kerk $#Iglesia Católica $#Katolické Církve $#Kościoł Katolicki $#Katoličke Crkve $#Eglise catholique romaine $#Chiesa cattolica romana $#Roman catholic Church $#Eglise catholique $#Römische Kirche $72009545-4 $8Katholische Kirche [Tb1] $9042651956 044K $RInformant $#Informers $#Indicateurs $#Informeller Mitarbeiter $#Inoffizieller Mitarbeiter $#Geheimer Informator $#IM $74248646-4 $8Spitzel [Ts1] $9086312375 045F $a351.09 $eDDC22BSB 045F/01 $a351.09 045F/03 $f09046 045F/03 $g438 045G $a200.943809046 $eDDC22BSB 045G/01 $a200.9 045G/03 $f09046 045G/03 $g438 045H $a351.09 $eDDC23BSB 045H/01 $a351.09 045H/03 $f09046 045H/03 $g438 045I $a200.943809046 $eDDC23BSB 045I/01 $a200.9 045I/03 $f09046 045I/03 $g438 045R $aGeschichte 1965-1970 045T $aOST $qDE-12 $2FID lok: 50487631 24 exp: 50487631 24 1 #EPN 201B/01 $016-03-23 $t15:18:16.000 201C/01 $010-02-23 201U/01 $0utf8 203@/01 $01227340273 208@/01 $a16-03-23 $bz 209A/01 $a23.00703 $du $f050 $h23 00703 $x00 209C/01 $a23.00703 K $h23 00703 K 209G/01 $a74360980 $x00 220C/01 $abar/hae 247C/01 $8358050-7Marburg, Bibliothek des Herder-Instituts Marburg $9102600961 lok: 50487631 78 exp: 50487631 78 1 #EPN 201B/01 $002-02-24 $t11:35:37.000 201C/01 $002-02-24 201U/01 $0utf8 203@/01 $01255580062 208@/01 $a02-02-24 $be 209A/01 $a/ $f000 $x00 209A/01 $ab*p $x01 220C/01 $apgar 244Z/01 $#Generalgouvernement Polen $#Polska $#Rzeczpospolita Polska $#Polska Rzeczpospolita Ludowa $#Poland $#Pologne $#République Polonaise $#Generalne Gubernatorstwo w Polsce $#Polish People's Republic $#Polska Rzeczpospolita Polen $#PRL $#RP $#Polen Generalgouvernement $#Polska Generalgouvernement $#Besetzte Polnische Gebiete $#Besetztes Gebiet in Polen $#Okupowane Polskie Obszary $#Obszary Okupowane w Polsce $#Volksrepublik Polen $#Polska Rosyjska $#Republic Polen $#Respublika Pol'ša $#Pol'skaja Narodnaja Respublika $#République de Pologne $#Polen Links der Weichsel $#Polska po Lewej Stronie Wisły $#Lenkija $#Polija $#Gubernija Carstva Pol'skago $#Republik Polen $74046496-9 $8--Tg1--Polen $x01 $9085129801 247C/01 $82080>Marburg/Lahn, Herder-Institut, Forschungsbibliothek, Bibliographieportal $9336309341
| LEADER | 00000cam a2200000 c 4500 | ||
|---|---|---|---|
| 001 | 504876317 | ||
| 003 | DE-603 | ||
| 005 | 20241113141653.0 | ||
| 007 | tu | ||
| 008 | 230210s2022 xx |||| | u00||u|pol c | ||
| 020 | |a 9788381806367 | ||
| 035 | |a (DE-599)BVBBV048412225 | ||
| 040 | |a DE-603 |b ger |c DE-603 |d DE-603 |e rda | ||
| 041 | |a pol | ||
| 082 | 0 | 4 | |8 1\u |a 351.09 |q DE-101 |2 22/BSB |
| 083 | 0 | |8 2\u |a 200.943809046 |q DE-101 |2 22/BSB | |
| 083 | 0 | |8 3\u |a 351.09 |q DE-101 |2 23/BSB | |
| 083 | 0 | |8 4\u |a 200.943809046 |q DE-101 |2 23/BSB | |
| 084 | |a OST |q DE-12 |2 fid | ||
| 085 | |8 1\u |b 351.09 | ||
| 085 | |8 1\u |z 1 |s 09046 | ||
| 085 | |8 1\u |z 2 |s 438 | ||
| 085 | |8 2\u |b 200.9 | ||
| 085 | |8 2\u |z 1 |s 09046 | ||
| 085 | |8 2\u |z 2 |s 438 | ||
| 085 | |8 3\u |b 351.09 | ||
| 085 | |8 3\u |z 1 |s 09046 | ||
| 085 | |8 3\u |z 2 |s 438 | ||
| 085 | |8 4\u |b 200.9 | ||
| 085 | |8 4\u |z 1 |s 09046 | ||
| 085 | |8 4\u |z 2 |s 438 | ||
| 100 | 1 | |a Górka, Bogusław |e Verfasser |4 aut |0 (DE-603)480829381 |0 (DE-588)1236237145 |2 gnd | |
| 245 | 0 | 0 | |a "Ojcze Święty, nigdy Cię nie zdradziłem" |b autopsja lustracji t. w. "Janiszewski" |c Bogusław Górka |
| 246 | 1 | 3 | |a Autopsja lustracji t. w. "Janiszewski |
| 264 | 1 | |a Toruń |b Wydawnictwo Adam Marszałek |c 2022 | |
| 300 | |a 423 Seiten |b Illustrationen |c 23 cm | ||
| 336 | |a Text |b txt |2 rdacontent | ||
| 337 | |a ohne Hilfsmittel zu benutzen |b n |2 rdamedia | ||
| 338 | |a Band |b nc |2 rdacarrier | ||
| 500 | |a W aneksie materiały źródłowe w postaci faksymiliów dokumentów oryginalnych | ||
| 500 | |a Literaturverzeichnis Seite 258-276 | ||
| 600 | 1 | 7 | |a Filipowicz, Stefan |d 1934-2020 |0 (DE-588)1276276079 |0 (DE-603)503115495 |2 gnd |
| 610 | 1 | 7 | |a Katholische Kirche |2 gnd |0 (DE-588)2009545-4 |0 (DE-603)042651956 |
| 648 | 7 | |a Geschichte 1965-1970 |2 gnd | |
| 650 | 7 | |a Sicherheitsbehörde |0 (DE-588)4054793-0 |0 (DE-603)085152447 |2 gnd | |
| 650 | 7 | |a Spitzel |0 (DE-588)4248646-4 |0 (DE-603)086312375 |2 gnd | |
| 651 | 7 | |a Polen |0 (DE-588)4046496-9 |0 (DE-603)085129801 |2 gnd | |
| 856 | 4 | 2 | |m Digitalisierung BSB München 19 - ADAM Catalogue Enrichment |q application/pdf |u http://bvbr.bib-bvb.de:8991/F?func=service&doc_library=BVB01&local_base=BVB01&doc_number=033790664&sequence=000003&line_number=0002&func_code=DB_RECORDS&service_type=MEDIA |3 Literaturverzeichnis |
| 856 | 4 | 2 | |m V:DE-603;B:DE-Mb50 |q application/pdf |u http://scans.hebis.de/HEBCGI/show.pl?50487631_toc.pdf |3 Inhaltsverzeichnis |
| 924 | 0 | |9 Mb 50 |a (DE-603)1227340273 |b DE-Mb50 |c HES |d c |g 23.00703 | |
| 924 | 0 | |9 2080 |a (DE-603)1255580062 |b DE-2080 |c HES |d d |g / | |


